| 000 | 01090cad a22002175a 4500 | ||
|---|---|---|---|
| 001 | L152300 | ||
| 008 | 110215e20110115xxk 000 0 eng d | ||
| 035 | _a(Sirsi) u152300 | ||
| 041 | 0 | _aeng | |
| 100 | 1 | _aCunningham, Daniel | |
| 245 | 0 | 0 |
_aFocus _hBedfordshire |
| 260 | _c2011 | ||
| 490 |
_aEstates Gazette _v(1102) 15 January 2011, 55-65(8) |
||
| 520 | _aExamines the performance of the industrial sector which has done relatively well in recent months with take-up of 5 000 sq-ft plus units in south Bedfordshire reaching a total of 717 000 by the start of December 2010. This is well down from the height of the market in 2007 but is encouraging when compared with the worst performing months of 2009. Further, looks at Ballymore's Power Court scheme in Luton where British Land looks set to rescue the development with fresh plans. With further details of office and retails sectors. | ||
| 590 | _aKA | ||
| 651 | 4 |
_aUnited Kingdom _y |
|
| 690 | _aPROPERTY-COMMERCIAL PROPERTY-COMMERCIAL PROPERTY MARKET | ||
| 700 | 1 | _aQuinn, David | |
| 700 | 1 | _aMeadwell, Stacey | |
| 942 | _n0 | ||
| 999 |
_c82936 _d82936 |
||